|
|
|
|
| LEADER |
00000nam a2200000 i 4500 |
| 003 |
Ucuenca |
| 005 |
20230308231330.0 |
| 006 |
a||||gr|||| 001 |b |
| 007 |
ta |
| 008 |
220316s2022 ec aaaagr|||| 001 |bspa a |
| 020 |
|
|
|a 978-9942-40-678-1
|
| 040 |
|
|
|a UCuenca-cdrjbv
|b spa
|c UCuenca
|e rda
|
| 041 |
0 |
|
|a spa
|
| 082 |
0 |
|
|2 22
|a 920
|c 35070093
|
| 100 |
1 |
|
|9 226102
|a Barzallo Cabrera, Patricio.
|d 1952-
|e autor
|
| 245 |
0 |
3 |
|a El eslabón de la historia:
|b "Dr. César Hermida Piedra" /
|c Patricio Barzallo Cabrera.
|
| 250 |
|
|
|a Primera edición.
|
| 264 |
|
1 |
|a Cuenca:
|b Universidad Internacional del Ecuador, UIDE,
|c 2022.
|
| 300 |
|
|
|a 165 páginas:
|b ilu
|c 24 cm
|
| 336 |
|
|
|2 rdacontent
|a texto
|b txt
|
| 337 |
|
|
|2 rdamedia
|a no mediado
|b n
|
| 338 |
|
|
|2 rdacarrier
|a volumen
|b nc
|
| 504 |
|
|
|a incl. bibind.
|
| 650 |
1 |
7 |
|2 UCuenca-cdrjbv
|a Biografía
|9 268739
|
| 651 |
|
|
|2 UCuenca-cdrjbv
|
| 942 |
|
|
|2 ddc
|c BK
|z bladimir.cabrerar@ucuenca.edu.ec
|
| 999 |
|
|
|c 160015
|d 160015
|